L'Azione revocatoria nella giurisprudenza medievale
Bewaard in:
| Hoofdauteur: | |
|---|---|
| Formaat: | Boek |
| Taal: | Italiaans |
| Gepubliceerd in: |
Milán, Italia
Dott. A. Giuffrè
1962
|
| Reeks: | Pubblicazioni della Facoltà di Giurisprudenza,
43 |
| Onderwerpen: | |
| Tags: |
Voeg label toe
Geen labels, Wees de eerste die dit record labelt!
|
MARC
| LEADER | 00000nam a2200000 a 4500 | ||
|---|---|---|---|
| 001 | UCR2923 | ||
| 003 | CL-VaPUC | ||
| 005 | 20210608001350.0 | ||
| 008 | 980116e19620000IT |||||||||||||||||ita|d | ||
| 999 | |c 266044 |d 266042 | ||
| 040 | |c Pontificia Universidad Católica de Valparaíso | ||
| 082 | 0 | 4 | |a 346.009 PIA 1962 |2 21 |
| 100 | 0 | |a Piano Mortari, Vincenzo |e autor |9 401441 | |
| 245 | 1 | 2 | |a L'Azione revocatoria nella giurisprudenza medievale |
| 260 | 0 | 3 | |a Milán, Italia |b Dott. A. Giuffrè |c 1962 |
| 300 | |a 238 páginas | ||
| 490 | 0 | |a Pubblicazioni della Facoltà di Giurisprudenza, |v 43 | |
| 583 | |a last modification |c 20150122 12:11:15 |k Rodrigo Vera | ||
| 650 | 0 | |a Derecho civil |9 255013 | |
| 650 | 0 | |a Historia del derecho |9 255109 | |
| 650 | 0 | |a Derecho romano |9 255930 | |
| 942 | |c BK |2 ddc | ||
| 945 | |d 19980116 00:00:00 |a crobeson | ||
| 952 | |0 0 |1 0 |2 ddc |4 0 |6 346_009000000000000_PIA_1962 |7 0 |8 DER_HIS |9 297334 |a BIBDER |b BIBDER |d 2019-11-20 |i 1933108 |o 346.009 PIA 1962 |p 1933108 |r 2023-01-25 |t 1 |w 2019-11-20 |x Ubicación 4to Piso |y BK |z Estos recursos deben solicitarse con anticipación |k DER | ||